| 000 | 00543nam a2200229Ia 4500 | ||
|---|---|---|---|
| 003 | 0100 | ||
| 008 | 130227s9999 xx 000 0 und d | ||
| 040 | _cARRUPELIB | ||
| 050 | _aPE1471.K57 2011 | ||
| 100 | _aKirton, Bill | ||
| 245 | _aBrilliant essay | ||
| 245 | _bwhat you need to know and how to do it | ||
| 260 | _aLondon | ||
| 260 | _bPrentice Hall | ||
| 260 | _C2011 | ||
| 300 | _axiii | ||
| 300 | _b 286p. 22cm. | ||
| 650 | _bWomen in the bible | ||
| 650 | _cBible--Hermeneutics | ||
| 650 | _dCriticism | ||
| 942 |
_2lcc _04 |
||
| 999 |
_c5659 _d5659 |
||